000 02718cam a2200373 4500500
005 20260111080047.0
041 _afre
042 _adc
100 1 0 _aBoussaguet, Laurie
_eauthor
700 1 0 _aFaucher, Florence
_eauthor
245 0 0 _aQuand l’État convoque la rue
260 _c2017.
500 _a60
520 _aÀ contre-courant de la littérature sur les mouvements sociaux, qui envisage les manifestations comme un instrument de la société civile pour s’exprimer face au pouvoir, la marche républicaine du 11 janvier 2015 à Paris peut être vue comme une « manifestation d’État », au sens où ce sont les principaux acteurs de l’exécutif qui ont joué le rôle d’organisation du mouvement social. Certes, le choc représenté par les attentats et la vague d’émotion qui a submergé la population ont été des éléments favorables ; certes, l’initiative est venue des partis politiques et un député, organisateur officiel, a été l’une des chevilles ouvrières de ce grand rassemblement. Cependant, ce n’est qu’en regardant les actes, les gestes, les prises de parole et les discours des gouvernants que l’on peut réellement expliquer l’organisation et le succès de cette marche historique.
520 _aWhen the State calls the streetContrary to the literature on social movements, which sees demonstrations as a tool for civil society against political power, the republican march held on January the 11th in Paris can be seen as a « state demonstration », since the main actors of the executive branch acted as a social movement organization. Of course, the shock and the emotion provoked by the terrorist attacks represented a favourable context for such a demonstration. Of course, political parties launched the idea and one MP was the official organizer of the event. Nevertheless, one needs to analyse the acts, the gestures and the rhetoric of the French political leaders at the head of the State to really explain the success of this historical march.
690 _aattentats terroristes
690 _acadre d’interprétation
690 _aÉtat
690 _aexécutif
690 _amanifestation
690 _amobilisation
690 _amouvement social
690 _asymbolique
690 _ademonstration
690 _aexecutive branch
690 _aframe
690 _amobilization
690 _asocial movement
690 _aState
690 _asymbolic
690 _aterrorist attacks
786 0 _nGouvernement et action publique | VOL. 6 | 2 | 2017-06-21 | p. 37-61 | 2260-0965
856 4 1 _uhttps://shs.cairn.info/revue-gouvernement-et-action-publique-2017-2-page-37?lang=fr&redirect-ssocas=7080
999 _c1615831
_d1615831